000007103 001__ 7103 000007103 005__ 20251001112459.0 000007103 008__ 120210q1744 sp 000 0 spa |nam i 000007103 040__ $$aUZ.GRL 000007103 041__ $$aspa 000007103 1001_ $$aBonet, Bernardo Antonio 000007103 245__ $$aDictamen legal por ... Sebastian de Assin ... in processu (intitulado) Praesentationis ... Raymundi Aquilué super beneficio Ecclesiae Parochialis Sancti Jacobi Caesar-Augustae 000007103 260__ $$a[S.l. : $$bs.n$$cs.a.] 000007103 300__ $$a26 [i. e. 28] p. ;$$cFol. (29 cm) 000007103 500__ $$aError de numeración en última p. 000007103 500__ $$aPort. con orla y grab. xil. representando a la Virgen del Pilar 000007103 500__ $$aSign. :[ ]2, B-G2 000007103 500__ $$aTexto datado en: Zaragoza, 23 de octubre de 1744 000007103 538__ $$aTexto completo System requirements: PC, World Wide Web Browser and DJVU reader 000007103 538__ $$aTexto completo Available electronically via Internet 000007103 540__ $$9info:eu-repo/semantics/openAccess$$aby$$uhttps://creativecommons.org/licenses/by/4.0/deed.es 000007103 752__ $$aEspaña 000007103 8564_ $$s2011413$$uhttps://zaguan.unizar.es/record/7103/files/G_73_54_26.djvu$$zTexto completo 000007103 907__ $$a.b1621743 000007103 909CO $$ooai:zaguan.unizar.es:7103$$pfondo-historico$$pdriver 000007103 980__ $$aFH$$bfondos